000 00588nam a2200157 4500
008 031121s1990 enk b 000 0 eng
020 _a0334024412 :USD19.95
090 _aBX1751.2
_bH27t
100 1 _aHastings, Adrian.
245 1 4 _aThe theology of a Protestant Catholic /
_cAdrian Hastings.
260 _aLondon :
_bSCM Press ;
_aPhiladelphia :
_bTrinity Press International,
_c1990.
300 _ax, 213 p. ;
_c22 cm.
504 _aIncludes bibliographical references.
610 2 4 _aCatholic Church
_xDoctrines.
951 _p18357
_x00005791
_oBX1751.2/H27t
_j070613111326140
_d2000-12-21
_cGC
999 _c18301
_d18301